000 00559nam a2200193Ia 4500
003 GCL
008 140319s9999 xx 000 0 eng d
040 _aGCL /
_cGCL
082 0 4 _aCC
_b932.014
_bF S
100 1 _aAHMED FAKHRY
245 1 0 _aUNE STATUETTE DU NOUVEL EMPIRE (EXTRAIT DES A.S.A.E. TOME 39) /
_cAHMED FAKHRY
260 _a[S.N] :
_bA.S.A.E ،
_c1939
650 0 4 _aARTS, ANCIENT EGYPT
650 0 4 _aANCIENT EGYPT - SCULPTURE
650 0 4 _aSTATUES
650 0 4 _aNEW KINGDOM - ANCIENT EGYPT
650 0 4 _aEGYPT - ANTIQUITIES
942 _2ddc
_cBK
999 _c20373
_d20373